| 000 | 00637nam a22001937a 4500 | ||
|---|---|---|---|
| 005 | 20231124100138.0 | ||
| 008 | 231124b |||||||| |||| 00| 0 eng d | ||
| 020 | _a0702160776 | ||
| 022 | _a0702160776 | ||
| 041 | _aEnglish | ||
| 082 | _a340.9 FOR | ||
| 100 |
_aForsyth, CF _lEnglish |
||
| 245 |
_aPrivate International Law : _bThe Modern Roman-Dutch Law including the Jurisdiction of the High Courts / _cCF Forsyth |
||
| 250 | _aFourth Edition | ||
| 260 |
_aCape Town : _bJuta and Company Ltd, _c2003 |
||
| 300 |
_blix, 468 pages ; _c25 cm. |
||
| 650 |
_aLegal practice _bLaw |
||
| 942 |
_cBK _6ALISON_BN_VRIES |
||
| 999 |
_c935 _d935 |
||